LEADER 03299nam1 22005893i 450 001 RAV0152172 005 20231121125635.0 100 $a20050909g1924 ||||0itac50 ba 101 | $aita$clat 102 $ait 181 1$6z01$ai $bxxxe 182 1$6z01$an 200 1 $a˜Le œcommedie$fAristofane$gcon incisioni di A. De Carolis 210 $aBologna$cNicola Zanichelli editore$d1924- 215 $a5 volumi$cill.$d21 cm 225 | $a˜I œpoeti greci tradotti da Ettore Romagnoli 300 $aTraduzione di Ettore Romagnoli 410 0$1001RAV0106526$12001 $a˜I œpoeti greci tradotti da Ettore Romagnoli$1702 1$aRomagnoli$b, Ettore$f <1871-1938>$3CFIV037503 463 1$1001AQ10079034$12001 $a˜3: La œpace$aGli uccelli$fAristofane$v3 463 1$1001BRI0127528$12001 $a˜1: Gli œacarnesi$aI cavalieri$fAristofane$v1 463 1$1001FER0175381$12001 $a˜1: Gli œacarnesi$aI cavalieri$fAristofane$v1 463 1$1001FER0175383$12001 $a˜2: Le œnuvole$aI calabroni$fAristofane$v2 463 1$1001MIL0361532$12001 $a˜4: œLisistrata$aLa festa di Demetra$fAristofane$v4 463 1$1001MIL0361557$12001 $a˜2: Le œnuvole$aI calabroni$fAristofane$v2 463 1$1001MIL0361560$12001 $a˜3: La œpace$aGli uccelli$fAristofane$v3 463 1$1001MIL0361563$12001 $a˜5: Le œrane$aLe donne a parlamento$aPluto$fAristofane$v5 463 1$1001PUV0421510$12001 $a˜1: Gli œacarnesi$aI *cavalieri$fAristofane$gcon incisioni di A. De Carolis$v1 463 1$1001PUV0421516$12001 $a˜4: œLisistrata$aLa festa di Demetra$fAristofane$gcon incisioni di A. De Carolis$v4 463 1$1001PUV0421517$12001 $a˜5: Le œrane$aLe donne a parlamento$aPluto$fAristofane$gcon incisioni di A. De Carolis$v5 463 1$1001RAV0152235$12001 $a˜2: Le œnuvole$aI calabroni$fAristofane$gcon incisioni di A. De Carolis$v2 463 1$1001RML0444271$12001 $a˜5: Le œrane$aLe donne a parlamento$aPluto$fAristofane$v5 463 1$1001TO01472270$12001 $a˜2: Le œnuvole$aI calabroni$fAristofane$gcon incisioni di A. De Carolis$v2 500 10$aComoediae$3PUV0421503$9CFIV018870$93615707 676 $a882.01$9Dramma e poesia drammatica in greco classico. Origini-499.$v21 700 0$aAristophanes$3CFIV018870$4070$0602827 702 1$aRomagnoli$b, Ettore$f <1871-1938>$3CFIV037503$4730 702 1$aDe Carolis$b, Adolfo$3RAVV016644$4440 790 0$aAristofane$3CFIV018871$zAristophanes 790 0$aAristofan?s$3CFIV316949$zAristophanes 790 1$aDe Karolis$b, Adolfo$3CFIV201549$zDe Carolis, Adolfo 801 3$aIT$bIT-01$c20050909 850 $aIT-RM0418 $aIT-RM0319 $aIT-FR0084 $aIT-FR0017 899 $aBIBLIOTECA ACCADEMIA NAZ. DEI LINCEI E CORSINIANA$bRM0418 899 $aBiblioteca dello Stato Maggiore dell' Aeronautica$bRM0319 899 $aBiblioteca Del Monumento Nazionale Di Montecassino$bFR0084 899 $aBiblioteca umanistica Giorgio Aprea$bFR0017 912 $aRAV0152172 950 1$aBiblioteca umanistica Giorgio Aprea$d 52DFV A 429.1$d 52DFV A 429.2$d 52DFV A 429.3$d 52DFV A 429.4$d 52DFV A 429.5 967 $m14 977 $a 10$a 22$a 25$a 52 996 $aComoediae$93615707 997 $aUNICAS LEADER 03861nam 2200769 a 450 001 9910964376203321 005 20251117091133.0 010 $a9786613289544 010 $a9781283289542 010 $a1283289547 010 $a9780520950580 010 $a0520950585 024 7 $a10.1525/9780520950580 035 $a(CKB)2550000000049357 035 $a(EBL)776175 035 $a(OCoLC)756484251 035 $a(SSID)ssj0000554434 035 $a(PQKBManifestationID)11344517 035 $a(PQKBTitleCode)TC0000554434 035 $a(PQKBWorkID)10514317 035 $a(PQKB)11555519 035 $a(DE-B1597)519570 035 $a(OCoLC)763159385 035 $a(DE-B1597)9780520950580 035 $a(Au-PeEL)EBL776175 035 $a(CaPaEBR)ebr10500361 035 $a(CaONFJC)MIL328954 035 $a(Perlego)552762 035 $a(MiAaPQ)EBC776175 035 $a(iGPub)CSPLUS0075925 035 $a(EXLCZ)992550000000049357 100 $a20110808d2011 uy 0 101 0 $aeng 135 $aur|n|---||||| 181 $ctxt 182 $cc 183 $acr 200 00$aBoreal birds of North America $ea hemispheric view of their conservation links and significance /$fJeffrey V. Wells, editor 205 $a1st ed. 210 $aBerkeley [Calif.] $cUniversity of California Press$d2011 215 $a1 online resource (160 p.) 225 1 $aStudies in avian biology ;$vno. 41 300 $a"A publication of the Cooper Ornithological Society." 311 08$a9780520271005 311 08$a0520271009 320 $aIncludes bibliographical references and index. 327 $tFrontmatter -- $tContents -- $tContributors -- $tPreface -- $tAcknowledgments -- $t1. Boreal Forest Threats And Conservation Status -- $t2. Global Role For Sustaining Bird Populations -- $t3. Waterfowl Conservation Planning: Science Needs And Approaches -- $t4. Breeding Distribution And Ecology Of Pacific Coast Surf Scoters -- $t5. Geospatial Modeling Of Abundance With Breeding Bird Atlas Data -- $t6. The Boreal Landbird Component Of Migrant Bird Communities In Eastern North America -- $t7. Boreal Migrants In Winter Bird Communities -- $t8. Important Bird Areas As Wintering Sites For Boreal Migrants In The Tropical Andes -- $t9. Understanding Declines In Rusty Blackbirds -- $tIndex -- $tSeries List 330 $aReaching from interior Alaska across Canada to Labrador and Newfoundland, North America's boreal forest is the largest wilderness area left on the planet. It is critical habitat for billions of birds; more than 300 species regularly breed there. After the breeding season, many boreal birds migrate to seasonal habitats across the United States, Mexico, the Caribbean, and Central and South America. This volume brings together new research on boreal bird biology and conservation. It highlights the importance of the region to the global avifauna and to the connectivity between the boreal forest and ecoregions throughout the Americas. The contributions showcase a unique set of perspectives on the migration, wintering ecology, and conservation of bird communities that are tied to the boreal forest in ways that may not have been previously considered. 410 0$aStudies in avian biology ;$vno. 41. 606 $aForest birds$zCanada 606 $aForest birds$zAlaska 606 $aBirds$xEcology$zNorth America 606 $aTaiga ecology$zNorth America 615 0$aForest birds 615 0$aForest birds 615 0$aBirds$xEcology 615 0$aTaiga ecology 676 $a639.9/78 701 $aWells$b Jeffrey V$g(Jeffrey Vance),$f1964-$01603317 801 0$bMiAaPQ 801 1$bMiAaPQ 801 2$bMiAaPQ 906 $aBOOK 912 $a9910964376203321 996 $aBoreal birds of North America$94550413 997 $aUNINA 999 $p$50.35$u05/11/2016$5Bio